000 00628nam a2200205Ia 4500
003 GCL
008 140319s9999 xx 000 0 ara d
040 _aGCL /
_cGCL
082 0 4 _a301.363
_bر ت
100 1 _aريمشا اناتولى
245 1 0 _aتخطيط وبناء المدن فى المناطق الحارة /
_cريمشا اناتولى
700 1 _aداواد سليمان المنير
700 1 _aدارواد سليمان المنير
260 _a[S.N] :
_bدار الشرق ،
_c1992
300 _a357 ص
490 _a
650 0 4 _aالمدن
650 0 4 _aتخطيط المدن
942 _2ddc
_cBK
999 _c36153
_d36153